[Event "Landesliga Nord 1718"]
[Site "Bayern"]
[Date "2018.04.15"]
[Round "9.5"]
[White "Hepting, Heinrich"]
[Black "Herrmann, Jens"]
[Result "1-0"]
[WhiteElo "2076"]
[BlackElo "2034"]
[PlyCount "125"]
[EventDate "2017.10.22"]
[EventType "team-tourn"]
[EventRounds "9"]
[EventCountry "GER"]
[SourceTitle "EXT 2022"]
[Source "ChessBase"]
[SourceDate "2021.10.06"]
[SourceVersion "1"]
[SourceVersionDate "2021.10.06"]
[SourceQuality "1"]
[WhiteTeam "Zirndorf"]
[BlackTeam "Bamberg SC"]
[WhiteTeamCountry "GER"]
[BlackTeamCountry "GER"]

1. Nf3 d6 2. b4 Nf6 3. g3 g6 4. Bg2 Bg7 5. Bb2 c6 6. 0-0 a5 7. a3 axb4 8. axb4 Rxa1 9. Bxa1 Qb6 10. c3 0-0 11. Qc2 e5 12. d3 Re8 13. Nbd2 h6 14. Nc4 Qc7 15. e4 Be6 16. Nfd2 Nbd7 17. Bb2 Ra8 18. h3 d5 19. Ne3 b5 20. Ra1 Rxa1+ 21. Bxa1 Qa7 22. Bb2 Nb6 23. Bc1 dxe4 24. dxe4 Bf8 25. Nf3 Nbd7 26. Kh2 Qa2 27. Qxa2 Bxa2 28. Ne1 Bb1 29. f3 c5 30. Bd2 Ne8 31. Bf1 cxb4 32. cxb4 Nd6 33. N1c2 Bxc2 34. Nxc2 Nb6 35. Na3 Ndc4 36. Nxc4 bxc4 37. Be3 Na4 38. Bxc4 Bxb4 39. Bxh6 Bc5 40. Bd2 Bd4 41. h4 Nc5 42. Kh3 Nd7 43. Bb5 Nf6 44. Bc6 Nh5 45. Kg2 Kg7 46. Bb4 Kh7 47. Bd6 f6 48. f4 Kg7 49. f5 gxf5 50. Be8 Nxg3 51. Kxg3 fxe4 52. Kg4 Bf2 53. h5 e3 54. Bc5 Bg1 55. Bb4 Bf2 56. Bb5 Kh6 57. Bf8+ Kh7 58. Kf5 Bh4 59. Bc4 Bg5 60. Ke6 Kg8 61. Ke7+ Kh7 62. Kf7 f5 63. Be6 1-0

[Event "Landesliga Nord 1718"]
[Site "Bayern"]
[Date "2017.10.22"]
[Round "1.4"]
[White "Hepting, Heinrich"]
[Black "Auburger, Philipp"]
[Result "0-1"]
[WhiteElo "2076"]
[BlackElo "2052"]
[PlyCount "102"]
[EventDate "2017.10.22"]
[EventType "team-tourn"]
[EventRounds "9"]
[EventCountry "GER"]
[SourceTitle "EXT 2022"]
[Source "ChessBase"]
[SourceDate "2021.10.06"]
[SourceVersion "1"]
[SourceVersionDate "2021.10.06"]
[SourceQuality "1"]
[WhiteTeam "Zirndorf"]
[BlackTeam "Forchheim SC II"]
[WhiteTeamCountry "GER"]
[BlackTeamCountry "GER"]

1. Nf3 Nf6 2. g3 d5 3. c4 c6 4. b3 g6 5. Bg2 Bg7 6. Bb2 0-0 7. 0-0 a5 8. a3 Nbd7 9. d3 Re8 10. Qc2 e5 11. Nfd2 Nb6 12. Nc3 Be6 13. a4 Qc7 14. Rac1 d4 15. Ncb1 Rad8 16. Nf3 Nh5 17. Rcd1 f5 18. e3 dxe3 19. fxe3 Bf7 20. Ng5 Bh6 21. h4 Bxg5 22. hxg5 Nxg3 23. Rf3 Nh5 24. d4 Qe7 25. Bc3 Nc8 26. Bxa5 b6 27. Bc3 e4 28. Rff1 Qxg5 29. Qf2 b5 30. axb5 cxb5 31. Na3 bxc4 32. bxc4 Nd6 33. d5 Rc8 34. c5 Rxc5 35. Bb4 Rxd5 36. Rxd5 Bxd5 37. Bxd6 Qf6 38. Bb4 Rc8 39. Qd2 Qe5 40. Rd1 Nf6 41. Nb1 Ng4 42. Na3 Rc2 43. Qxc2 Qh2+ 44. Kf1 Nxe3+ 45. Kf2 Nxc2 46. Nxc2 e3+ 47. Nxe3 Qf4+ 48. Ke2 Bc4+ 49. Kd2 Qf2+ 50. Kc3 Qxe3+ 51. Kxc4 Qe2+ 0-1

[Event "Landesliga Nord 1617"]
[Site "Bayern"]
[Date "2017.01.15"]
[Round "4.4"]
[White "Hepting, Heinrich"]
[Black "Surinya, Tibor"]
[Result "1-0"]
[WhiteElo "2051"]
[BlackElo "2001"]
[PlyCount "77"]
[EventDate "2016.10.16"]
[EventType "team-tourn"]
[EventRounds "9"]
[EventCountry "GER"]
[SourceTitle "EXT 2019"]
[Source "ChessBase"]
[SourceDate "2018.10.10"]
[SourceVersion "1"]
[SourceVersionDate "2018.10.10"]
[SourceQuality "1"]
[WhiteTeam "Zirndorf"]
[BlackTeam "Nuernberg NT II"]
[WhiteTeamCountry "GER"]
[BlackTeamCountry "GER"]

1. Nf3 Nf6 2. g3 b6 3. Bg2 Bb7 4. d3 d5 5. 0-0 c5 6. Nbd2 e6 7. e4 Nc6 8. Re1 Be7 9. Qe2 0-0 10. e5 Nd7 11. c4 d4 12. Nf1 a6 13. h4 b5 14. b3 bxc4 15. bxc4 Rb8 16. N1h2 Qa5 17. Ng4 Ba8 18. Bg5 Qa3 19. Rab1 Bxg5 20. Nxg5 Nb4 21. Bxa8 Rxa8 22. Rbd1 Qa5 23. a3 Qxa3 24. Qe4 g6 25. Nh6+ Kg7 26. Nhxf7 Rae8 27. Nd6 Re7 28. h5 Qa2 29. Re2 Qa4 30. Rdd2 Nc6 31. f4 Nd8 32. hxg6 h6 33. Nh7 Qc6 34. Nxf8 Kxf8 35. Rh2 Qxe4 36. Nxe4 Kg7 37. Rh5 Kxg6 38. Rdh2 Nf7 39. Nd6 1-0

[Event "Regionalliga NO 1415"]
[Site "Bayern"]
[Date "2014.11.09"]
[Round "2.6"]
[White "Bunk, Wolfgang"]
[Black "Hepting, Heinrich"]
[Result "1/2-1/2"]
[WhiteElo "1966"]
[BlackElo "2051"]
[PlyCount "88"]
[EventDate "2014.10.19"]
[EventType "team-tourn"]
[EventRounds "9"]
[EventCountry "GER"]
[SourceTitle "EXT 2018"]
[Source "ChessBase"]
[SourceDate "2017.10.13"]
[SourceVersion "1"]
[SourceVersionDate "2017.10.13"]
[SourceQuality "1"]
[WhiteTeam "Regensburg Bavaria"]
[BlackTeam "Zirndorf"]
[WhiteTeamCountry "GER"]
[BlackTeamCountry "GER"]

1. e4 e5 2. Nf3 Nc6 3. Bb5 Qe7 4. 0-0 Nd8 5. d4 c6 6. Ba4 d6 7. h3 Nf6 8. Re1 g6 9. c4 Nd7 10. Nc3 Bg7 11. Bg5 f6 12. Be3 0-0 13. b4 Kh8 14. Bb3 f5 15. Bg5 Bf6 16. Bh6 Bg7 17. Bxg7+ Qxg7 18. dxe5 dxe5 19. c5 a5 20. a3 axb4 21. axb4 Rxa1 22. Qxa1 f4 23. Na4 Re8 24. Rd1 Qe7 25. Qc3 Kg7 26. Nb6 Nxb6 27. cxb6 Nf7 28. Qc5 Kf6 29. Bxf7 Kxf7 30. Rd6 Kg7 31. Nd2 g5 32. f3 h5 33. Kf2 g4 34. hxg4 hxg4 35. Ke2 Qg5 36. b5 gxf3+ 37. gxf3 cxb5 38. Qxb5 Kf7 39. Qc4+ Be6 40. Qc7+ Qe7 41. Qc5 Qg5 42. Qc7+ Qe7 43. Qc5 Qg5 44. Qc7+ Qe7 1/2-1/2

[Event "Regionalliga NO 1415"]
[Site "Bayern"]
[Date "2014.10.19"]
[Round "1.5"]
[White "Reichmann, Ulrich"]
[Black "Hepting, Heinrich"]
[Result "1/2-1/2"]
[WhiteElo "1918"]
[BlackElo "2051"]
[PlyCount "33"]
[EventDate "2014.10.19"]
[EventType "team-tourn"]
[EventRounds "9"]
[EventCountry "GER"]
[SourceTitle "EXT 2018"]
[Source "ChessBase"]
[SourceDate "2017.10.13"]
[SourceVersion "1"]
[SourceVersionDate "2017.10.13"]
[SourceQuality "1"]
[WhiteTeam "Gunzenhausen"]
[BlackTeam "Zirndorf"]
[WhiteTeamCountry "GER"]
[BlackTeamCountry "GER"]

1. e4 c6 2. Nc3 d5 3. Nf3 Nf6 4. e5 Ng8 5. d4 Bg4 6. h3 Bxf3 7. Qxf3 e6 8. Bd2 Qb6 9. Qd3 Nd7 10. Be2 Ne7 11. g4 a6 12. Na4 Qc7 13. b4 b6 14. 0-0 g6 15. f4 h5 16. Kg2 Bg7 17. Be3 1/2-1/2

[Event "Landesliga Nord 1314"]
[Site "Bayern"]
[Date "2014.02.09"]
[Round "6.4"]
[White "Hepting, Heinrich"]
[Black "Ederer, Rene"]
[Result "0-1"]
[WhiteElo "2218"]
[BlackElo "2120"]
[PlyCount "78"]
[EventDate "2013.10.13"]
[EventType "team"]
[EventRounds "9"]
[EventCountry "GER"]
[SourceTitle "EXT 2015"]
[Source "ChessBase"]
[SourceDate "2014.11.20"]
[SourceVersion "1"]
[SourceVersionDate "2014.11.20"]
[SourceQuality "1"]
[WhiteTeam "Zirndorf"]
[BlackTeam "Nuernberg NT II"]
[WhiteTeamCountry "GER"]
[BlackTeamCountry "GER"]

1. Nf3 Nc6 2. g3 e5 3. d3 f5 4. c4 Nge7 5. Bg2 d6 6. Nc3 h6 7. Rb1 g5 8. b4 Bg7 9. Qb3 Ng6 10. b5 Nce7 11. c5 d5 12. c6 b6 13. Nd2 d4 14. Nd1 Qd6 15. e3 Be6 16. Nc4 Qd8 17. exd4 Bd5 18. f3 exd4 19. 0-0 f4 20. Nf2 Nf5 21. Ne4 0-0 22. Ba3 Rf7 23. Bh3 fxg3 24. hxg3 Ne3 25. Qa4 Nxf1 26. Rxf1 Ne5 27. Nxe5 Bxe5 28. Kg2 Qe8 29. Bg4 a6 30. Bd7 Rxd7 31. cxd7 Qxd7 32. f4 axb5 33. Qd1 Rxa3 34. fxe5 Rxa2+ 35. Kg1 Qh3 36. Rf2 Rxf2 37. Kxf2 Qf5+ 38. Kg1 Bxe4 39. dxe4 Qxe5 0-1

[Event "Landesliga Nord 1314"]
[Site "Bayern"]
[Date "2013.11.24"]
[Round "3.3"]
[White "Hepting, Heinrich"]
[Black "Reis, Gerhard"]
[Result "0-1"]
[WhiteElo "2218"]
[BlackElo "2202"]
[PlyCount "75"]
[EventDate "2013.10.13"]
[EventType "team"]
[EventRounds "9"]
[EventCountry "GER"]
[SourceTitle "EXT 2015"]
[Source "ChessBase"]
[SourceDate "2014.11.20"]
[SourceVersion "1"]
[SourceVersionDate "2014.11.20"]
[SourceQuality "1"]
[WhiteTeam "Zirndorf"]
[BlackTeam "Nuernberg Sued SW"]
[WhiteTeamCountry "GER"]
[BlackTeamCountry "GER"]

1. b4 c6 2. Bb2 a5 3. a3 axb4 4. axb4 Rxa1 5. Bxa1 Qb6 6. c3 d5 7. Nf3 Bf5 8. d3 h6 9. g3 Nf6 10. Bg2 e6 11. 0-0 Be7 12. Nbd2 0-0 13. Qb3 Nbd7 14. Bb2 Ra8 15. h3 Bh7 16. Ra1 Rxa1+ 17. Bxa1 Bd6 18. g4 e5 19. Ne1 Nf8 20. Nc2 e4 21. c4 exd3 22. exd3 Qd8 23. c5 Bf4 24. Nf3 Qe7 25. Kf1 N6d7 26. Bd4 Ne6 27. Be3 Qf6 28. Ke2 Ne5 29. Nfe1 h5 30. Qa3 Bxe3 31. fxe3 hxg4 32. Qa8+ Nf8 33. Qxb7 gxh3 34. Bxh3 Qg6 35. Qc8 Nxd3 36. Bf5 Qh5+ 37. Bg4 Qh2+ 38. Kd1 0-1

[Event "Mittelfranken-chTB1 1213"]
[Site "Germany"]
[Date "2012.11.18"]
[Round "3.2"]
[White "Hepting, Heinrich"]
[Black "Kuhn, Christian"]
[Result "1-0"]
[WhiteElo "2140"]
[BlackElo "1842"]
[PlyCount "75"]
[EventDate "2012.10.07"]
[EventType "team-tourn"]
[EventRounds "9"]
[EventCountry "GER"]
[SourceTitle "EXT 2019"]
[Source "ChessBase"]
[SourceDate "2018.10.10"]
[SourceVersion "1"]
[SourceVersionDate "2018.10.10"]
[SourceQuality "1"]
[WhiteTeam "Fuerth SZ"]
[BlackTeam "Nuernberg Sued SW III"]
[WhiteTeamCountry "GER"]
[BlackTeamCountry "GER"]

1. Nf3 Nf6 2. g3 g6 3. b4 Bg7 4. Bb2 0-0 5. Bg2 c6 6. 0-0 a5 7. a3 axb4 8. axb4 Rxa1 9. Bxa1 d5 10. d3 Nbd7 11. Nbd2 Qc7 12. c4 dxc4 13. Nxc4 Nd5 14. Bxg7 Kxg7 15. Qb3 e5 16. Rc1 f6 17. Ncxe5 Qd6 18. Nxd7 Bxd7 19. Rb1 Be6 20. Qb2 Ra8 21. b5 c5 22. Ng5 Bg8 23. Ne4 Qe7 24. Bf3 Be6 25. b6 Ra6 26. Qc2 Ra5 27. Qd2 Ra6 28. Rc1 Rxb6 29. Nxc5 Bf7 30. e4 Nc7 31. d4 Ne6 32. Nxe6+ Bxe6 33. Bg2 Qd6 34. h3 Ra6 35. d5 Bd7 36. Qb2 b5 37. f4 Ra3 38. e5 1-0

[Event "Mittelfranken-chTB1 1213"]
[Site "Germany"]
[Date "2012.10.21"]
[Round "2.3"]
[White "Hepting, Heinrich"]
[Black "Bolten, Daniel"]
[Result "0-1"]
[WhiteElo "2140"]
[BlackElo "1977"]
[PlyCount "82"]
[EventDate "2012.10.07"]
[EventType "team-tourn"]
[EventRounds "9"]
[EventCountry "GER"]
[SourceTitle "EXT 2019"]
[Source "ChessBase"]
[SourceDate "2018.10.10"]
[SourceVersion "1"]
[SourceVersionDate "2018.10.10"]
[SourceQuality "1"]
[WhiteTeam "Fuerth SZ"]
[BlackTeam "Nuernberg Sued SW II"]
[WhiteTeamCountry "GER"]
[BlackTeamCountry "GER"]

1. Nf3 Nf6 2. g3 b6 3. Bg2 Bb7 4. 0-0 e6 5. d3 Be7 6. e4 d6 7. Ne1 d5 8. e5 Nfd7 9. Qe2 Qc8 10. Nf3 c5 11. c4 d4 12. Bf4 h6 13. h4 Nc6 14. h5 Nf8 15. Re1 Qc7 16. Na3 a6 17. Nc2 g5 18. Bd2 Nd7 19. b4 Bf8 20. b5 axb5 21. cxb5 Ne7 22. a4 Nd5 23. Nh2 Ne7 24. Ng4 Bxg2 25. Kxg2 Qb7+ 26. Kg1 Nf5 27. Qd1 Bg7 28. Na3 Qd5 29. Nc4 Rb8 30. Re4 0-0 31. Qe2 Kh8 32. f4 gxf4 33. Bxf4 Rg8 34. Nf2 Ne3 35. Nxe3 dxe3 36. Qxe3 f5 37. exf6 Nxf6 38. Re5 Qb3 39. Bxh6 Qb2 40. Bxg7+ Rxg7 41. Qh6+ Nh7 0-1

[Event "Regionalliga NO 1112"]
[Site "Bayern"]
[Date "2012.01.15"]
[Round "5.3"]
[White "Mueller, Christian2"]
[Black "Hepting, Heinrich"]
[Result "1-0"]
[WhiteElo "2078"]
[BlackElo "2194"]
[PlyCount "63"]
[EventDate "2011.10.02"]
[EventType "team-tourn"]
[EventRounds "9"]
[EventCountry "GER"]
[SourceTitle "EXT 2013"]
[Source "ChessBase"]
[SourceDate "2012.11.22"]
[SourceVersion "1"]
[SourceVersionDate "2012.11.22"]
[SourceQuality "1"]
[WhiteTeam "Windischeschenbach"]
[BlackTeam "Fuerth"]
[WhiteTeamCountry "GER"]
[BlackTeamCountry "GER"]

1. Nf3 Nf6 2. c4 g6 3. Nc3 Bg7 4. e4 d6 5. d4 0-0 6. h3 c5 7. d5 Na6 8. Be3 Nc7 9. Bd3 Rb8 10. 0-0 a6 11. a4 Bd7 12. a5 b5 13. axb6 Rxb6 14. Qd2 Qb8 15. Ra2 e5 16. Nxe5 dxe5 17. Bxc5 Rb3 18. Bd6 Nfe8 19. Ba3 f5 20. Bc2 Rxa3 21. bxa3 Qd8 22. Rd1 f4 23. f3 Qg5 24. Kh1 Qh5 25. Qf2 g5 26. Kg1 Nf6 27. Ba4 Bxh3 28. gxh3 Qxh3 29. Qf1 Qh5 30. Rh2 Qg6 31. Rg2 g4 32. c5 1-0

[Event "Regionalliga NO 1011"]
[Site "Bayern"]
[Date "2011.02.27"]
[Round "7.2"]
[White "Weigert, Wilhelm"]
[Black "Hepting, Heinrich"]
[Result "0-1"]
[WhiteElo "1807"]
[BlackElo "2187"]
[PlyCount "66"]
[EventDate "2010.10.10"]
[EventType "team-tourn"]
[EventRounds "9"]
[EventCountry "GER"]
[SourceTitle "EXT 2012"]
[Source "ChessBase"]
[SourceDate "2011.11.24"]
[SourceVersion "1"]
[SourceVersionDate "2011.11.24"]
[SourceQuality "1"]
[WhiteTeam "Kelheim II"]
[BlackTeam "Fuerth"]
[WhiteTeamCountry "GER"]
[BlackTeamCountry "GER"]

1. c4 f5 2. Nf3 Nf6 3. g3 g6 4. Bg2 Bg7 5. 0-0 0-0 6. Nc3 d6 7. d3 e5 8. Bd2 Nc6 9. Rb1 h6 10. b4 g5 11. b5 Ne7 12. c5 Nh7 13. Qb3+ Kh8 14. cxd6 cxd6 15. a4 Rf6 16. a5 Be6 17. Qb4 Rb8 18. Be3 b6 19. axb6 axb6 20. Bc1 Ng6 21. Ba3 Bf8 22. Qb2 h5 23. Nd2 h4 24. Nd5 Rf7 25. Rbc1 hxg3 26. fxg3 g4 27. Rc6 Ng5 28. Nf4 Nxf4 29. gxf4 Nh3+ 30. Bxh3 gxh3 31. Nf3 Bd5 32. Ng5 Rg7 33. e4 fxe4 0-1

[Event "Regionalliga NO 1011"]
[Site "Bayern"]
[Date "2011.01.16"]
[Round "5.2"]
[White "Meulner, Klaus"]
[Black "Hepting, Heinrich"]
[Result "1-0"]
[WhiteElo "2006"]
[BlackElo "2187"]
[PlyCount "61"]
[EventDate "2010.10.10"]
[EventType "team-tourn"]
[EventRounds "9"]
[EventCountry "GER"]
[SourceTitle "EXT 2012"]
[Source "ChessBase"]
[SourceDate "2011.11.24"]
[SourceVersion "1"]
[SourceVersionDate "2011.11.24"]
[SourceQuality "1"]
[WhiteTeam "Nuernberg Sued SW"]
[BlackTeam "Fuerth"]
[WhiteTeamCountry "GER"]
[BlackTeamCountry "GER"]

1. d4 d5 2. c4 Nc6 3. Nc3 dxc4 4. Nf3 Nf6 5. Bg5 a6 6. d5 Na5 7. Qa4+ c6 8. b4 b5 9. Qxa5 Qxa5 10. bxa5 Nxd5 11. Bd2 e6 12. a3 c5 13. g3 f6 14. Bg2 Rb8 15. 0-0 Nxc3 16. Bxc3 b4 17. Rfb1 Bd6 18. Be1 c3 19. axb4 cxb4 20. Nd4 Bd7 21. Be4 e5 22. Nf5 Bxf5 23. Bxf5 g6 24. Bd3 Ke7 25. Kf1 Rhc8 26. Rb3 Rc6 27. e3 f5 28. f3 Rc5 29. Ke2 Bc7 30. e4 fxe4 31. fxe4 1-0

[Event "Regionalliga NO 0910"]
[Site "Bayern"]
[Date "2010.03.21"]
[Round "8.2"]
[White "Blodig, Reinhard"]
[Black "Hepting, Heinrich"]
[Result "0-1"]
[WhiteElo "2049"]
[BlackElo "2187"]
[PlyCount "72"]
[EventDate "2009.10.18"]
[EventType "team-tourn"]
[EventRounds "9"]
[EventCountry "GER"]
[SourceTitle "EXT 2011"]
[Source "ChessBase"]
[SourceDate "2010.11.26"]
[SourceVersion "1"]
[SourceVersionDate "2010.11.26"]
[SourceQuality "1"]
[WhiteTeam "Dietfurt"]
[BlackTeam "Fuerth"]
[WhiteTeamCountry "GER"]
[BlackTeamCountry "GER"]

1. g3 f5 2. c4 Nf6 3. Bg2 g6 4. Nc3 Bg7 5. d3 d6 6. Nf3 0-0 7. 0-0 Nc6 8. Rb1 e5 9. b4 h6 10. b5 Ne7 11. a4 g5 12. Ne1 Ng6 13. Nd5 f4 14. e3 Kh8 15. exf4 gxf4 16. Nxf6 Qxf6 17. g4 Nh4 18. f3 h5 19. gxh5 Qh6 20. Rf2 Rf5 21. Kf1 Rxh5 22. Ke2 Nf5 23. Kd2 Rxh2 24. Kc2 Bf6 25. Kb3 Bh4 26. Ra2 Be6 27. Kb4 a6 28. Rbb2 Be7 29. Re2 Nd4 30. Rf2 c5+ 31. Kc3 axb5 32. axb5 Nxb5+ 33. cxb5 Bxa2 34. Qe2 Bh4 35. Rf1 Qg6 36. Rh1 Bxe1+ 0-1

[Event "Regionalliga NO 0910"]
[Site "Bayern"]
[Date "2009.12.13"]
[Round "4.2"]
[White "Hofer, Markus"]
[Black "Hepting, Heinrich"]
[Result "1-0"]
[WhiteElo "2075"]
[BlackElo "2187"]
[PlyCount "109"]
[EventDate "2009.10.18"]
[EventType "team-tourn"]
[EventRounds "9"]
[EventCountry "GER"]
[SourceTitle "EXT 2011"]
[Source "ChessBase"]
[SourceDate "2010.11.26"]
[SourceVersion "1"]
[SourceVersionDate "2010.11.26"]
[SourceQuality "1"]
[WhiteTeam "Buechenbach/Roth"]
[BlackTeam "Fuerth"]
[WhiteTeamCountry "GER"]
[BlackTeamCountry "GER"]

1. d4 d5 2. c4 Nc6 3. Nf3 Bg4 4. Nc3 e6 5. cxd5 exd5 6. Bf4 Bxf3 7. gxf3 Bb4 8. e3 Nge7 9. Bd3 0-0 10. Qc2 Ng6 11. Bg3 Qf6 12. f4 Rfe8 13. 0-0-0 Bxc3 14. Qxc3 Nge7 15. Kb1 Nf5 16. Rhg1 Rad8 17. a3 Rd7 18. Qb3 h5 19. h3 Nb8 20. Qc2 Nd6 21. f5 Nc6 22. Bf4 Re4 23. Bxd6 Qxf5 24. Bf4 Nxd4 25. exd4 Qxf4 26. Bxe4 dxe4 27. Qd2 Qf5 28. Qe3 f6 29. Ka1 c6 30. Rge1 Re7 31. f3 Qxh3 32. fxe4 Qxe3 33. Rxe3 f5 34. Rh1 f4 35. Ree1 g6 36. e5 Kg7 37. Re4 g5 38. Rxh5 Kg6 39. Rh1 Kf5 40. Ree1 f3 41. Rh6 Re6 42. Rh8 g4 43. Rg1 Rg6 44. Rf8+ Ke4 45. e6 Rxe6 46. Rxg4+ Ke3 47. Rgf4 a5 48. Rxf3+ Kxd4 49. R3f4+ Kc5 50. R4f5+ Kc4 51. Rxa5 b5 52. Ka2 Re4 53. Rc8 c5 54. a4 Kd3 55. axb5 1-0

[Event "Mittelfranken-chTB1 0809"]
[Site "Mittelfranken"]
[Date "2008.12.07"]
[Round "3.4"]
[White "Zwingel, Stephan"]
[Black "Hepting, Heinrich"]
[Result "0-1"]
[WhiteElo "1957"]
[BlackElo "2227"]
[PlyCount "62"]
[EventDate "2008.10.12"]
[EventType "team"]
[EventRounds "9"]
[EventCountry "GER"]
[SourceTitle "EXT 2011"]
[Source "ChessBase"]
[SourceDate "2010.11.26"]
[SourceVersion "1"]
[SourceVersionDate "2010.11.26"]
[SourceQuality "1"]
[WhiteTeam "Zirndorf II"]
[BlackTeam "Fuerth SZ"]
[WhiteTeamCountry "GER"]
[BlackTeamCountry "GER"]

1. d4 d5 2. c4 Nc6 3. cxd5 Qxd5 4. e3 e5 5. Nc3 Bb4 6. Bd2 Bxc3 7. Bxc3 e4 8. Ne2 Nf6 9. Nf4 Qd6 10. a3 Be6 11. Bb5 0-0 12. 0-0 Nd5 13. Bxc6 Qxc6 14. Nxd5 Bxd5 15. Qh5 Rfe8 16. Rac1 Qd7 17. g3 Rad8 18. Rfd1 b6 19. Rd2 a5 20. b4 a4 21. Bb2 b5 22. Rc5 Re6 23. Qf5 c6 24. Bc3 Rde8 25. Kg2 Qb7 26. Kf1 Rh6 27. h4 Rf6 28. Qh5 Qd7 29. Ke1 Rf3 30. Kd1 f6 31. Rxd5 cxd5 0-1